Environmental issues in the Mediterranean : processes and perspectives from the past and present

Αποθηκεύτηκε σε:
Λεπτομέρειες βιβλιογραφικής εγγραφής
Κύριος συγγραφέας: Wainwright, John 1967-
Άλλοι συγγραφείς: Thornes, John B.
Μορφή: Βιβλίο
Γλώσσα:English
Δημοσίευση: London; New York : Routledge, 2004
Σειρά:Routledge studies in physical geography and environment ; ; 1
Θέματα:
Ετικέτες: Προσθήκη ετικέτας
Δεν υπάρχουν, Καταχωρήστε ετικέτα πρώτοι!

MARC

LEADER 00000nam a2200000 i 4500
001 1/47585
008 040127s2004 eng d
020 |a 0-415-15686-6 
035 |l 10072104 
040 |a GR-MY-UA  |b gre  |e aacr 
041 0 |a eng 
082 0 |a 363.72091822  |2 (21) 
100 1 |a Wainwright, John  |d 1967- 
245 1 0 |a Environmental issues in the Mediterranean :  |b processes and perspectives from the past and present /  |c John Wainwright and John B. Thornes 
260 |a London; New York :   |b Routledge,   |c 2004 
300 |a xxviii, 479 σ.;  |b εικ., πιν., διαγρ., χαρτ.;  |c 25 εκ. 
490 1 |a Routledge studies in physical geography and environment  |v ; 1 
504 |a Περιέχει βιβλιογραφία και ευρετήριο 
650 0 0 |a Human ecology  |z Mediterranean Region. 
650 0 0 |a Human geography  |z Mediterranean Region. 
651 0 |a Mediterranean Region  |x Environmental conditions. 
700 1 |a Thornes, John B. 
830 0 |a Routledge studies in physical geography and environment ;  |v ; 1 
852 |a INST  |b LESVOS  |e 20040127  |h 363.72091822 WAI  |p 005100030787  |q 005100030787  |t BK  |y 0 
901 |a BIBL1-2004-1 
909 |a Λ  |b 108161 
922 |a 1ΕΛΗ  |b 200312  |c ΕΠΕΑΕΚ2/ΤΓ  |d ΜΙΧΑΛΟΠΟΥΛΟΣ 
950 |a 118-2003-06-09 
970 |a ΧΡΙΣΤΟΦΑ  |b ΝΙΚΗ  |z 2004/02/10